ბათუმის შოთა რუსთაველის სახელმწიფო უნივერსიტეტის ბიბლიოთეკა

Конкретная математика. (ბიბ.ჩანაწერი № 35058)

000 -LEADER
fixed length control field 00791nam a2200253Ia 4500
001 - CONTROL NUMBER
control field 898
003 - CONTROL NUMBER IDENTIFIER
control field GE_BSU
008 - FIXED-LENGTH DATA ELEMENTS--GENERAL INFORMATION
fixed length control field 181216s||||||||xx |||||||||||||| ||und||
020 ## - INTERNATIONAL STANDARD BOOK NUMBER
International Standard Book Number 9785845915887
040 ## - CATALOGING SOURCE
Transcribing agency GE_BSU
080 ## - UNIVERSAL DECIMAL CLASSIFICATION NUMBER
Universal Decimal Classification number 519.688
100 ## - MAIN ENTRY--PERSONAL NAME
Personal name Грехем,Л. Рональд; Кнуг,Э. Дональл; Паташник,Орен;
245 ## - TITLE STATEMENT
Title Конкретная математика.
245 ## - TITLE STATEMENT
Remainder of title Математические основы информатики.
250 ## - EDITION STATEMENT
Edition statement Изд. 2-е
260 ## - PUBLICATION, DISTRIBUTION, ETC.
Place of publication, distribution, etc. Москва
260 ## - PUBLICATION, DISTRIBUTION, ETC.
Name of publisher, distributor, etc. ,,Вильямс.
260 ## - PUBLICATION, DISTRIBUTION, ETC.
Date of publication, distribution, etc. 2010
300 ## - PHYSICAL DESCRIPTION
Extent 784 с.
653 ## - INDEX TERM--UNCONTROLLED
Uncontrolled term Конкретная Математика;
653 ## - INDEX TERM--UNCONTROLLED
Uncontrolled term Математические Основы Информатики.
942 ## - ADDED ENTRY ELEMENTS (KOHA)
Koha item type წიგნი
ეგზემპლარები
Withdrawn status Lost status Damaged status Not for loan Date acquired Barcode Date last seen Price effective from Koha item type
        2018-12-17 2416 2018-12-17 2018-12-17 წიგნი
        2018-12-17 2417 2018-12-17 2018-12-17 წიგნი
        2018-12-17 2418 2018-12-17 2018-12-17 წიგნი